| 000 | 00389nam a22001457a 4500 | ||
|---|---|---|---|
| 082 | _aT-102 | ||
| 100 |
_aMajor Naeem Akhtar _948480 |
||
| 245 |
_aA feasibility study of soil for inundation _cMajor Naeem Akhtar |
||
| 260 |
_aRisalpur _bMCE _c2001 |
||
| 300 | _ax, 144.p: | ||
| 526 |
_a0 _b0 _c0 _dT_102 |
||
| 650 |
_aThesis _934811 |
||
| 700 |
_aMajor Naeem Akhtar _948480 |
||
| 942 |
_2ddc _cBK |
||
| 999 |
_c551417 _d551417 |
||